Language Quiz

Random Language or Book Quiz
Score 0/26 Timer 01:30
2 Plays Today
Rank Letter % Correct
1st
99.4%
2nd
94.9%
3rd
94.5%
4th
90.2%
5th
88%
6th
82.7%
7th
80.8%
8th
74.9%
9th
62.4%
10th
56%
11th
48.3%
12th
41%
13th
37.1%
Rank Letter % Correct
14th
30.9%
26th
23.7%
15th
21.7%
25th
20.3%
16th
18%
23rd
15.6%
17th
14.2%
24th
12.5%
18th
12.2%
19th
11%
20th
10.3%
22nd
9.7%
21st
9%
Remove Ads.
Support Sporcle.
Get the best of Sporcle when you Go Orange. This ad-free experience offers more features, more stats, and more fun while also helping to support Sporcle. Thank you for becoming a member.

You're not logged in!

Compare scores with friends on all Sporcle quizzes.
OR
Log In

Show Comments

Extras

Top Quizzes Today


Score Distribution

Your Account Isn't Verified!

In order to create a playlist on Sporcle, you need to verify the email address you used during registration. Go to your Sporcle Settings to finish the process.

Report this User

Report this user for behavior that violates our Community Guidelines.

Details: